Pays qui produisent le plus d'avocats - Statistiques

Statistiques générales
  • Ce quiz a été pris 108 fois
  • Le résultat moyen est 10 sur 15
Statistiques - réponses
Quantité ( en tonnes ) Pays % Correct
195 492 Brésil
96%
172 630 Etats Unis
95%
1 889 354 Mexique
93%
455 394 Pérou
89%
122 942 Chine
88%
309 431 Colombie
88%
137 365 Chili
85%
90 196 Venezuela
72%
88 011 espagne
69%
304 938 Indonésie
66%
122 184 Guatemala
54%
93 201 Haiti
35%
601 349 République dominicaine
35%
176 045 Kenya
33%
101 500 Israel
32%
Aucun quiz correspondant
Distribution des résultats
% des personnes avec chaque résultat
Percentile par nombre de réponses
Votre historique - résultats
Vous n’avez pas pris ce quiz